Advances in Education and Management International Symposium, ISAEBD 2011, Dalian, China, August 6-7, 2011, Proceedings, Part IV /

This four-volume-set (CCIS 208, 209, 210, 211) constitutes the refereed proceedings of the International Symposium on Applied Economics, Business and Development, ISAEBD 2011, held in Dalian, China, in August 2011. The papers address issues related to Applied Economics, Business and Development and...

Full description

Bibliographic Details
Corporate Author: SpringerLink (Online service)
Other Authors: Zhou, Mark (Editor)
Format: Electronic eBook
Language:English
Published: Berlin, Heidelberg : Springer Berlin Heidelberg : Imprint: Springer, 2011.
Series:Communications in Computer and Information Science, 211
Subjects:
Online Access:Full Text via HEAL-Link
LEADER 02429nam a22005415i 4500
001 978-3-642-23062-2
003 DE-He213
005 20161129053442.0
007 cr nn 008mamaa
008 110725s2011 gw | s |||| 0|eng d
020 |a 9783642230622  |9 978-3-642-23062-2 
024 7 |a 10.1007/978-3-642-23062-2  |2 doi 
040 |d GrThAP 
050 4 |a QA76.76.A65 
072 7 |a UNH  |2 bicssc 
072 7 |a UDBD  |2 bicssc 
072 7 |a COM032000  |2 bisacsh 
082 0 4 |a 005.7  |2 23 
245 1 0 |a Advances in Education and Management  |h [electronic resource] :  |b International Symposium, ISAEBD 2011, Dalian, China, August 6-7, 2011, Proceedings, Part IV /  |c edited by Mark Zhou. 
264 1 |a Berlin, Heidelberg :  |b Springer Berlin Heidelberg :  |b Imprint: Springer,  |c 2011. 
300 |a XIII, 627 p.  |b online resource. 
336 |a text  |b txt  |2 rdacontent 
337 |a computer  |b c  |2 rdamedia 
338 |a online resource  |b cr  |2 rdacarrier 
347 |a text file  |b PDF  |2 rda 
490 1 |a Communications in Computer and Information Science,  |x 1865-0929 ;  |v 211 
520 |a This four-volume-set (CCIS 208, 209, 210, 211) constitutes the refereed proceedings of the International Symposium on Applied Economics, Business and Development, ISAEBD 2011, held in Dalian, China, in August 2011. The papers address issues related to Applied Economics, Business and Development and cover various research areas including Economics, Management, Education and its Applications. 
650 0 |a Computer science. 
650 0 |a Computer communication systems. 
650 0 |a Software engineering. 
650 0 |a Information storage and retrieval. 
650 0 |a Artificial intelligence. 
650 0 |a E-commerce. 
650 1 4 |a Computer Science. 
650 2 4 |a Information Systems Applications (incl. Internet). 
650 2 4 |a Artificial Intelligence (incl. Robotics). 
650 2 4 |a Computer Communication Networks. 
650 2 4 |a Information Storage and Retrieval. 
650 2 4 |a e-Commerce/e-business. 
650 2 4 |a Software Engineering. 
700 1 |a Zhou, Mark.  |e editor. 
710 2 |a SpringerLink (Online service) 
773 0 |t Springer eBooks 
776 0 8 |i Printed edition:  |z 9783642230615 
830 0 |a Communications in Computer and Information Science,  |x 1865-0929 ;  |v 211 
856 4 0 |u http://dx.doi.org/10.1007/978-3-642-23062-2  |z Full Text via HEAL-Link 
912 |a ZDB-2-SCS 
950 |a Computer Science (Springer-11645)